Latin Noun Endings - Statistics

General Stats
  • This quiz has been taken 267 times
  • The average score is 45 of 96
Answer Stats
1st feminine % Correct
a
100%
a
98%
am
88%
ae
80%
a
75%
ae
73%
ae
73%
us
73%
ae
71%
as
68%
arum
66%
i
64%
um
64%
um
64%
um
64%
i
63%
i
63%
is
63%
o
63%
o
63%
um
63%
e
61%
i
61%
is
61%
is
59%
o
59%
o
59%
orum
59%
os
59%
a
57%
a
57%
is
57%
is
57%
-
55%
-
55%
a
55%
is
55%
orum
54%
em
52%
-
50%
-
50%
-
48%
e
48%
es
46%
es
46%
i
46%
ibus
46%
is
46%
es
45%
i
45%
ibus
45%
ibus
45%
um
45%
e
43%
ibus
43%
is
43%
a
41%
a
41%
a
41%
um
41%
ū
36%
ibus
34%
ibus
34%
us
34%
us
34%
ū
32%
ū
32%
ū
32%
um
32%
ūs
32%
ūs
32%
ūs
32%
ūs
32%
ēs
30%
ēs
30%
30%
ūs
30%
ē
29%
ēī
29%
ēī
29%
em
29%
ērum
29%
ēs
29%
ēs
29%
ēs
29%
ibus
29%
ibus
29%
ū
29%
uum
29%
ēbus
27%
ēbus
27%
27%
ua
25%
ua
25%
ua
25%
uum
23%
No matching quizzes found
Score Distribution
Percent of People with Each Score
Percentile by Number Answered
Your Score History
You have not taken this quiz